Every level of human taxonomy - Statistics

General Stats
  • This quiz has been taken 86 times
  • The average score is 10 of 26
Answer Stats
Classification Answer % Correct
Genus Homo
95%
Kingdom Animalia
86%
Class Mammalia
84%
Species Sapiens
79%
Phylum Chordata
74%
Order Primates
67%
Domain Eukaryota
59%
Family Hominidae
59%
Subtribe Hominina
34%
Tribe Hominini
34%
Superfamily Hominoidea
31%
Subphylum Vertebrata
29%
Subclass Theria
26%
Subfamily Homininae
24%
Suborder Haplorhini
22%
Parvorder Catarrhini
21%
Infraorder Simiiformes
21%
Superclass Tetrapoda
21%
Superphylum Deuterostomia
19%
Superorder Euarchontoglires
17%
Grandorder Euarchonta
16%
Infraphylum Gnathostomata
16%
Infraclass Placentalia
16%
Mirorder Primatomorpha
16%
Magnorder Boreoeutheria
14%
Subkingdom Eumetazoa
12%
No matching quizzes found
Score Distribution
Percent of People with Each Score
Percentile by Number Answered
Your Score History
You have not taken this quiz